000 00755nam a22001937a 4500
008 161015b xxu||||| |||| 00| 0 eng d
020 _a97217250553
082 _22001
_aDFil 499.211
_bP96
100 _916297
_aCatacataca, Pamfilo D.
_eEditor
245 _aPunla sa linggwistikang Filipino:
_bhandog parangal kay Alfonso O. Santiago/
_cPamfilo D. Catacataca...[and 2 others].
260 _aMakati City:
_bGrandwater Publications and Research Corp.,
_cc2001.
300 _a280 pages;
_c22 cm.
650 0 _916298
_aFilipino language
_xUsage.
650 0 _916299
_aFilipino language
_xMiscellaneous writings.
700 _916300
_aEspiritu, Clemencia C.
_eEditor
700 _916301
_aVillafuerte, Pat V.
_eEditor
365 _b183.00
_cPhp.
942 _2ddc
_cDFIL
999 _c5264
_d5264